WILIAM ROWLAND (1814-1888)

Bibliographic Details
Main Author: Stollmann, Andrej, 1932- (Author)
Format: Article
Language:Slovak

MARC

LEADER 00000nab a2200000ua 4500
001 vtls010800244
003 SK-MaSNL
005 20260303120334.0
008 230131s1973 xo |||||||||||||||||slo|
035 |a (urnnbn)urn:nbn:sk:snk:ar-003du5 
035 |a (uuid)e247fdfc-6cdf-4b28-81bc-83b7e4813c4f 
035 |a urn:nbn:sk:snk-ab41rk 
040 |a SNKBUCL  |b slo  |c SNKBUCL  |e AACR2 
041 0 |a slo 
044 |a xo  |c SK 
100 1 |a Stollmann, Andrej,  |d 1932-  |4 aut  |9 8962 
245 1 0 |a WILIAM ROWLAND (1814-1888)  |c Andrej Štollmann 
773 0 |t Vlastivedný časopis : časopis pre vlastivednú prácu, kultúrnu históriu, pamiatky a múzeá  |g Roč. 22, č. 4 (1973), s. 191-192 
954 |a odborná, vedecká literatúra pôvodná (slovenská)  |2 lita 
958 |a OND 
958 |a EUIPO 
958 |a article3 
999 |c 1908995  |d 1910925